Представление документа в формате MARC21

Поле Инд. ПП Название Значение
Тип записи a
Библиографический уровень b
001 Контрольный номер RU/IS/BASE/187794345
005 Дата корректировки 20201124114733.0
008 Кодируемые данные 20051213
084 a Индекс другой классификации/Индекс ББК 88.929р3р7
100 1_ a Автор Черникова Т. В.
q Полное имя Черникова Тамара Васильевна
245 10 a Заглавие Учебные программы по курсу "Телефонное консультирование"
520 0_ a Аннотация В таблице приведен тематический план курса "Телефонное консультирование". Содержание теоретического курса разделено на одиннадцать тем, каждая из которых имеет список дополнительной литературы. Прилагается содержание курса лабораторно-практических занятий и темы для самостоятельной работы студентов. Работу заканчивают вопросы для зачета.
650 04 a Основная рубрика образование
a Основная рубрика практическая психология (прикладная психология)
a Основная рубрика профессиональное образование
a Основная рубрика психология
a Основная рубрика психологическое консультирование
653 0_ a Ключевые слова "телефон доверия"
a Ключевые слова консультативная психология
a Ключевые слова коррекционно-реабилитационная работа
a Ключевые слова методика преподавания
a Ключевые слова повышение квалификации
a Ключевые слова подготовка специалистов
a Ключевые слова преподавание психологии
a Ключевые слова психосоциальная работа
a Ключевые слова телефонное консультирование
a Ключевые слова тематическое планирование
a Ключевые слова учебные программы
773 18 t Заглавие источника Вестник психосоциальной и коррекционно-реабилитационной работы
d Дата издания источника 2005
g Прочая информация № 4. - С. 3 - 21 : табл.
w Контрольный № источника RU/IS/BASE/187364321
901 t Тип документа b